000 01412nam a2200349 i 4500
003 DO-SdBNP
005 20250402103122.0
007 ta
008 250402b2024 dr ac||| |||| 00| 0 spa d
020 _a9789945801569
040 _aDO-SdBNP
_bspa
_cBNPHU
_drda
082 4 _a972.93054
_bH223c 2024
_222
100 1 _aHermann, Hamlet,
_d1934-2016
_eautor
_4aut.
_936649
245 1 0 _aCaracoles :
_bla guerrilla de Caamaño /
_cHamlet Hermann ; prólogo, Roberto Cassá ; ilustraciones, José Herrera Morbán ; corrección y edición, Luis Reynaldo Pérez
250 _acuarta edición especial
264 4 _aSanto Domingo :
_bFundación Hamlet Hermann,
_c©2024.
300 _a280 páginas :
_bilustraciones, retratos ;
_c22 cm.
336 _atexto
_btxt
_2rdacontent
337 _asin mediación
_bn
_2rdamedia
338 _avolumen
_bnc
_2rdacarrier
500 _aIncluye datos biográficos del autor en la contracubierta
500 _aIncluye índice onomástico
590 _aInventariado, 2025/BT
600 _983756
650 4 _aGuerrillas
_zRepública Dominicana
_vBiografías
_910027
651 4 _aRepública Dominicana
_xHistoria
_yRevolución, 1973
_914290
700 1 _aCassá, Roberto,
_eprologuista
_4pr.
_981564
700 1 _aHerrera Morbán, José,
_eilustrador
_4il.
_987300
700 1 _aPérez, Luis Reynaldo,
_ecorrector y editor
_4corr. y ed.
_972897
910 _aBtavárez
942 _2ddc
_cLBS1
999 _c58553
_d58553